000 00326nam a22001337a 4500
008 180201b xxu||||| |||| 00| 0 eng d
020 _a9780619255169
041 _aeng
080 _a004
100 _a30
101 _aSHK
245 _aTEACHERS DISCOVERING AND INTEGRATING OOFICE MICROSOFT
_cSHELLY.C
942 _2udc
_cBK
999 _c41465
_d41465